000 00214nam a22001097a 4500
041 _aeng
080 _a80
100 _aMarkert, W.
245 _aOsteuropa-Handbuch Sowjetunion.
650 _aGerman
999 _c277782
_d277782
942 _cBK